Drapeaux de pays commençant par Saint - Statistiques

Statistiques générales
  • Ce quiz a été pris 3 106 fois
  • Le résultat moyen est 4 sur 5
Statistiques - réponses
Par images Réponse % Correct
Saint-Marin
95%
Sainte-Lucie
89%
Saint-Vincent-et-les-Grenadines
79%
Saint-Christophe-et-Niévès
75%
Sao Tomé-et-Principe
52%
Aucun quiz correspondant
Distribution des résultats
% des personnes avec chaque résultat
Percentile par nombre de réponses
Votre historique - résultats
Vous n’avez pas pris ce quiz